Samohláskové spojenia v prevzatých slovách a vlastných menách

Bibliographic Details
Main Author: Palkovič, Konštantín, 1919-2008 (Author)
Format: Article
Language:Slovak
PhysicalDescription:Lit. 5 zázn. v slov.
Subjects:

MARC

LEADER 00000nab a2200000 a 4500
001 vtls000161096
003 SK-MaSNL
005 20260305044223.0
008 250422c1983 xo 0 slo
015 |a SNBRB19rr/mm-uuuuu 
035 |a CL0171206 
035 |a urn:nbn:sk:snk-ab1mii 
035 |a (urnnbn)urn:nbn:sk:snk:ar-004jic 
035 |a (uuid)057a017a-541c-43ac-ae8e-5054a1e86df3 
040 |a SNKBUCL  |b slo  |c SNKBUCL  |e AACR2 
041 0 |a slo 
044 |a xo  |c SK 
080 |a 808.54-3  |2 1981 
080 |a 801.3  |2 1981 
100 1 |a Palkovič, Konštantín,  |d 1919-2008  |4 aut  |9 11233 
245 1 0 |a Samohláskové spojenia v prevzatých slovách a vlastných menách  |c Konštantín Palkovič 
300 |b Lit. 5 zázn. v slov. 
650 0 7 |a cudzie slová  |2 snkbucl  |9 28704 
650 0 7 |a vlastné mená  |2 snkbucl  |9 3647 
655 7 |a články z novín a časopisov  |2 snkbucl  |9 267496 
773 0 |t Kultúra slova  |g Roč. 17, č. 4 (1983), s. 112-118 
850 |a Slovenská národná knižnica 
852 |a Slovenská národná knižnica 
954 |a odborná, vedecká literatúra pôvodná (slovenská)  |2 lita 
958 |a article27 
958 |a OND 
958 |a NB 
958 |a RK 
958 |a EUIPO 
992 |a RBX 
999 |c 3357230  |d 3359160